[Event "16. Obert Int. Sant Martí 2014 Grupo B"]
[Site "Barcelona ESP"]
[Date "2014.07.14"]
[Round "2.21"]
[White "Cano Sevila, Ivan"]
[Black "Martinez Ferrer, Rafael"]
[Result "1/2-1/2"]
[WhiteElo "2039"]
[BlackElo "1931"]
[PlyCount "121"]
[EventDate "2014.07.13"]
[EventType "swiss"]
[EventRounds "9"]
[EventCountry "ESP"]
[Source "lmi"]
[SourceDate "2014.07.13"]

1. d4 Nf6 2. Bf4 g6 3. h3 Bg7 4. Nf3 O-O 5. e3 d6 6. Be2 c5 7. c3 Nbd7 8. O-O
Nb6 9. Nbd2 cxd4 10. exd4 Bd7 11. a4 a5 12. Re1 Bc6 13. Nc4 Nxc4 14. Bxc4 Nd5
15. Bg5 h6 16. Bxd5 hxg5 17. Bxc6 bxc6 18. Nxg5 Rb8 19. Rb1 e6 20. Ne4 f5 21.
Nd2 Qf6 22. Nc4 f4 23. Nxd6 Qe7 24. Ne4 f3 25. g3 e5 26. Nd2 Qd7 27. Kh2 exd4
28. cxd4 Qxd4 29. Rf1 Qd5 30. Qc2 Rbe8 31. Qc4 Re2 32. Qxd5+ cxd5 33. Nb3 Rb8
34. Nxa5 Rbxb2 35. Rxb2 Rxb2 36. Nc6 d4 37. Kg1 Rc2 38. Nb4 Rb2 39. Nd3 Ra2 40.
Rd1 Rxa4 41. Ne1 Ra3 42. Rd3 Ra1 43. Kf1 Bh6 44. Rxd4 Bg7 45. Rd3 Bh6 46. Rd6
Kf7 47. Rd3 Ke6 48. h4 Ke5 49. Rd8 Kf5 50. Rd7 Kg4 51. Rd4+ Kh3 52. h5 g5 53.
Rd6 Bf8 54. Re6 Kg4 55. h6 Ra7 56. Rf6 Bb4 57. Re6 Bc3 58. Re3 Bd2 59. Re4+ Kf5
60. Re8 g4 61. Rf8+ 1/2-1/2

[Event "16. Obert Int. Sant Martí 2014 Grupo B"]
[Site "Barcelona ESP"]
[Date "2014.07.14"]
[Round "2.22"]
[White "Salazar Navas, Josep"]
[Black "Corominas Garrido, Antoni"]
[Result "1/2-1/2"]
[WhiteElo "1927"]
[BlackElo "2034"]
[PlyCount "118"]
[EventDate "2014.07.13"]
[EventType "swiss"]
[EventRounds "9"]
[EventCountry "ESP"]
[Source "lmi"]
[SourceDate "2014.07.13"]

1. e4 c6 2. d4 d5 3. exd5 cxd5 4. c4 dxc4 5. Bxc4 Nf6 6. Nc3 e6 7. Nf3 Be7 8.
O-O O-O 9. Re1 Qc7 10. Qe2 Bb4 11. Bd2 a6 12. Rac1 Qd8 13. a3 Bxc3 14. Rxc3 b5
15. Ba2 Nd5 16. Rcc1 Bb7 17. Ne5 Nd7 18. Nc6 Bxc6 19. Rxc6 N7b6 20. Qe5 Qf6 21.
Qe4 Rfc8 22. Rec1 Rxc6 23. Rxc6 Qg6 24. Qf3 Nc4 25. Bc3 Qc2 26. h3 Ncb6 27. Rc5
Qc1+ 28. Kh2 Qf4+ 29. Qxf4 Nxf4 30. Ba5 Nd7 31. Rc6 Nf6 32. Bb1 Ne2 33. Rd6 g6
34. Bd3 Nf4 35. Bf1 N4d5 36. f3 Kf8 37. a4 Ke7 38. Rc6 b4 39. Rxa6 Rxa6 40.
Bxa6 Ne8 41. Bb7 Nec7 42. Bxc7 Nxc7 43. Kg3 Kd6 44. Kf4 f6 45. g4 Ne8 46. Ke4
Kc7 47. Ba6 Kb6 48. Bb5 Nd6+ 49. Kd3 Nxb5 50. axb5 Kxb5 51. b3 g5 52. Ke4 Kc6
53. f4 gxf4 54. Kxf4 Kd5 55. Ke3 h6 56. h4 e5 57. dxe5 Kxe5 58. h5 f5 59. gxf5
Kxf5 1/2-1/2

[Event "16. Obert Int. Sant Martí 2014 Grupo B"]
[Site "Barcelona ESP"]
[Date "2014.07.14"]
[Round "2.23"]
[White "Arroyo Morales, Jaime"]
[Black "Garcia Ruiz, Adrian"]
[Result "1/2-1/2"]
[WhiteElo "1923"]
[BlackElo "2023"]
[PlyCount "150"]
[EventDate "2014.07.13"]
[EventType "swiss"]
[EventRounds "9"]
[EventCountry "ESP"]
[Source "lmi"]
[SourceDate "2014.07.13"]

1. d4 Nf6 2. Bg5 e6 3. e4 c5 4. Bxf6 Qxf6 5. Nf3 Nc6 6. c3 cxd4 7. cxd4 Bb4+ 8.
Nc3 O-O 9. e5 Qg6 10. Qd3 d5 11. Qxg6 hxg6 12. a3 Be7 13. Bb5 Bd7 14. O-O a6
15. Bxc6 Bxc6 16. b4 Rfc8 17. Rfc1 Bd7 18. Ne2 Bb5 19. Nc3 Bd3 20. Na4 Bb5 21.
Nc5 b6 22. Nb3 Be2 23. Nbd2 Bxf3 24. Nxf3 Kf8 25. Kf1 Ke8 26. g3 Kd7 27. Ne1
Rc4 28. Rxc4 dxc4 29. Rc1 b5 30. Rc3 a5 31. bxa5 Rxa5 32. Nc2 Kc6 33. Ke2 Ra8
34. h4 f5 35. f4 Kd5 36. Ke3 Ra4 37. Ke2 Kc6 38. Rf3 Kd7 39. Kd1 Bd8 40. Ke2
Bb6 41. Kd1 Ke7 42. Ke2 Ba5 43. Kd1 c3 44. Ke2 Rc4 45. Kd3 Kd7 46. Ke2 Bd8 47.
Kd3 Be7 48. Ke2 Kc7 49. Kd3 Kb7 50. a4 Rxa4 51. Kxc3 Rc4+ 52. Kb3 Kc6 53. Rc3
Rxc3+ 54. Kxc3 Kd5 55. Kd3 Bf8 56. Ne3+ Kc6 57. Kc3 Kb6 58. d5 exd5 59. Nxd5+
Kc6 60. Nb4+ Kd7 61. Nc2 Kc6 62. Nd4+ Kb6 63. Ne6 Be7 64. Nxg7 Ka5 65. Kb3 Kb6
66. Ne6 Kc6 67. Nd4+ Kd5 68. Nxb5 Ke4 69. Nc3+ Kf3 70. Nd5 Bd8 71. e6 Kxg3 72.
e7 Bxe7 73. Nxe7 Kxf4 74. Nxg6+ Kg4 75. Kc3 Kh5 1/2-1/2

[Event "16. Obert Int. Sant Martí 2014 Grupo B"]
[Site "Barcelona ESP"]
[Date "2014.07.14"]
[Round "2.24"]
[White "Ayza Casamitjana, Antoni"]
[Black "Roche Peris, Eduard"]
[Result "0-1"]
[WhiteElo "2017"]
[BlackElo "1925"]
[PlyCount "70"]
[EventDate "2014.07.13"]
[EventType "swiss"]
[EventRounds "9"]
[EventCountry "ESP"]
[Source "lmi"]
[SourceDate "2014.07.13"]

1. e4 e5 2. Nf3 Nf6 3. Nc3 Nc6 4. a3 d5 5. exd5 Nxd5 6. Bd3 Be7 7. O-O O-O 8.
Be4 Be6 9. d3 f5 10. Bxd5 Bxd5 11. Nxd5 Qxd5 12. Bd2 e4 13. Ne1 Rad8 14. Bc3
Bf6 15. Bxf6 Rxf6 16. Qe2 Nd4 17. Qe3 Rg6 18. dxe4 fxe4 19. c3 Nb3 20. Nc2 Nxa1
21. Rxa1 Qd3 22. Nd4 c5 23. Nf5 Qxe3 24. fxe3 Rf6 25. Ng3 Re6 26. Rf1 Rd2 27.
Rb1 b6 28. b4 c4 29. h3 Red6 30. Nxe4 Rd1+ 31. Kh2 R6d3 32. Rb2 Rxe3 33. Ng5 h6
34. Nf3 Rxc3 35. Re2 Rxa3 0-1

[Event "16. Obert Int. Sant Martí 2014 Grupo B"]
[Site "Barcelona ESP"]
[Date "2014.07.14"]
[Round "2.25"]
[White "Fuentes Barrientos, Carlos"]
[Black "Flores Liñan, Josep Luis"]
[Result "1-0"]
[WhiteElo "1915"]
[BlackElo "2016"]
[PlyCount "63"]
[EventDate "2014.07.13"]
[EventType "swiss"]
[EventRounds "9"]
[EventCountry "ESP"]
[Source "lmi"]
[SourceDate "2014.07.13"]

1. e4 c5 2. Nc3 g6 3. f4 Bg7 4. Nf3 d6 5. Bc4 Nc6 6. O-O e6 7. d3 Nge7 8. Qe1
O-O 9. f5 exf5 10. Qh4 Be6 11. Bh6 Ne5 12. Ng5 Bxc4 13. dxc4 Qd7 14. Bxg7 Kxg7
15. Qxh7+ Kf6 16. exf5 Nxf5 17. Nge4+ Ke6 18. Rxf5 gxf5 19. Ng5+ Ke7 20. Qh6
Rae8 21. Rd1 Rh8 22. Nh7 Qe6 23. Qh4+ Kd7 24. Nd5 Nf3+ 25. gxf3 Qg6+ 26. Kh1
Rxh7 27. Qxh7 Qe6 28. Qh3 Kc6 29. Qg2 f6 30. f4 Kd7 31. Qg7+ Re7 32. Qxe7+ 1-0

[Event "16. Obert Int. Sant Martí 2014 Grupo B"]
[Site "Barcelona ESP"]
[Date "2014.07.14"]
[Round "2.26"]
[White "Lozano Diaz, Antoni"]
[Black "Clifford, Neil"]
[Result "1-0"]
[WhiteElo "2015"]
[BlackElo "1923"]
[PlyCount "77"]
[EventDate "2014.07.13"]
[EventType "swiss"]
[EventRounds "9"]
[EventCountry "ESP"]
[Source "lmi"]
[SourceDate "2014.07.13"]

1. e4 e5 2. Nf3 Nc6 3. d4 exd4 4. Bc4 Nf6 5. e5 d5 6. Bb5 Ne4 7. Nxd4 Bd7 8.
Bxc6 bxc6 9. O-O Bc5 10. c3 Be7 11. f3 Ng5 12. f4 c5 13. Nb3 Ne4 14. Qxd5 Bf5
15. Qc6+ Kf8 16. g4 Rc8 17. gxf5 Qd3 18. N1d2 Ng3 19. hxg3 Qxg3+ 20. Qg2 Qd3
21. Ne4 h5 22. Bd2 h4 23. Rf3 Qxe4 24. Re1 Qxf5 25. Qh3 Qxh3 26. Rxh3 Rd8 27.
Re2 a5 28. Be3 Rd3 29. Rd2 Rxe3 30. Rxe3 g5 31. f5 a4 32. f6 axb3 33. axb3 Ke8
34. fxe7 Kxe7 35. Kg2 Ke6 36. Kh3 Kf5 37. Rf2+ Kg6 38. Kg4 Re8 39. Rf6+ 1-0

[Event "16. Obert Int. Sant Martí 2014 Grupo B"]
[Site "Barcelona ESP"]
[Date "2014.07.14"]
[Round "2.27"]
[White "Pascual Gonzalez-Novelles, Carles"]
[Black "Flores Mendoza, Jose Antonio"]
[Result "0-1"]
[WhiteElo "2010"]
[BlackElo "1905"]
[PlyCount "44"]
[EventDate "2014.07.13"]
[EventType "swiss"]
[EventRounds "9"]
[EventCountry "ESP"]
[Source "lmi"]
[SourceDate "2014.07.13"]

1. e4 c6 2. d4 d5 3. Nc3 e6 4. Nf3 Nf6 5. Bd3 Bb4 6. Bg5 Qa5 7. O-O Bxc3 8.
Bxf6 gxf6 9. bxc3 Qxc3 10. exd5 cxd5 11. Rb1 b6 12. Re1 Bd7 13. Rb3 Qc7 14. Qd2
h5 15. Nh4 Nc6 16. Ba6 Ne7 17. Rf3 b5 18. Nf5 Nxf5 19. Rxf5 Qb6 20. Rxd5 Qxa6
21. Qf4 Qa5 22. Re2 Qxa2 0-1

[Event "16. Obert Int. Sant Martí 2014 Grupo B"]
[Site "Barcelona ESP"]
[Date "2014.07.14"]
[Round "2.28"]
[White "Llopis Jordan, Lluis"]
[Black "Molina Hernandez, Albert"]
[Result "0-1"]
[WhiteElo "1908"]
[BlackElo "2004"]
[PlyCount "101"]
[EventDate "2014.07.13"]
[EventType "swiss"]
[EventRounds "9"]
[EventCountry "ESP"]
[Source "lmi"]
[SourceDate "2014.07.13"]

1. Nf3 c5 2. c4 Nc6 3. Nc3 g6 4. g3 Bg7 5. Bg2 Nf6 6. O-O O-O 7. e4 d6 8. d3 a6
9. Bg5 Rb8 10. Rb1 b5 11. b3 Bg4 12. h3 Bxf3 13. Bxf3 Nd4 14. Bg2 Ne6 15. Be3
Nd7 16. Nd5 Nd4 17. Qd2 Ne5 18. Bxd4 cxd4 19. f4 Nd7 20. cxb5 Rxb5 21. Rbc1 Rc5
22. b4 Rxc1 23. Rxc1 e6 24. Nc7 Qb8 25. Nxa6 Qb6 26. b5 Qxb5 27. Nb4 Nc5 28.
Bf1 Rb8 29. Nc2 Qb2 30. Rd1 Rc8 31. Qc1 Qxc1 32. Rxc1 Na6 33. a3 Rc3 34. a4 Bf6
35. Be2 Nb4 36. Bd1 Nxd3 37. Rb1 Nc5 38. a5 d3 39. Nb4 d2 40. Nc2 Rc4 41. Rb6
Nxe4 42. Kg2 Nc3 43. Ne3 Rc8 44. Rxd6 Ne4 45. Rd3 Rc3 46. Rxc3 Nxc3 47. a6 Bd4
48. Nc2 Nxd1 49. Nxd4 Ne3+ 50. Kf2 d1=Q 51. a7 0-1

[Event "16. Obert Int. Sant Martí 2014 Grupo B"]
[Site "Barcelona ESP"]
[Date "2014.07.14"]
[Round "2.29"]
[White "Febrero Perez, Lluis"]
[Black "Pujal Moncho, Joaquim"]
[Result "1/2-1/2"]
[WhiteElo "1887"]
[BlackElo "1997"]
[PlyCount "102"]
[EventDate "2014.07.13"]
[EventType "swiss"]
[EventRounds "9"]
[EventCountry "ESP"]
[Source "lmi"]
[SourceDate "2014.07.13"]

1. e4 d5 2. exd5 Qxd5 3. c4 Qd8 4. Nc3 Nf6 5. Nf3 Bg4 6. Be2 e6 7. h3 Bxf3 8.
Bxf3 c6 9. b3 Nbd7 10. d4 Bb4 11. Bd2 O-O 12. O-O Qc7 13. Ne4 Bxd2 14. Qxd2
Nxe4 15. Bxe4 Nf6 16. Rfe1 Rad8 17. Qb2 Qf4 18. g3 Qc7 19. Rad1 Rd7 20. Bg2
Rfd8 21. Rd2 Qb6 22. Red1 Qc7 23. Qc3 Ne8 24. Qe3 Nf6 25. g4 a6 26. g5 Ne8 27.
d5 exd5 28. cxd5 Re7 29. Qc3 cxd5 30. Qxc7 Nxc7 31. Bxd5 Nxd5 32. Rxd5 Rxd5 33.
Rxd5 f6 34. h4 fxg5 35. hxg5 Kf7 36. Kg2 Ke6 37. Rc5 Rd7 38. Kf3 b6 39. Rc6+
Kf5 40. Rxb6 Ra7 41. g6 hxg6 42. Rc6 a5 43. Rc5+ Kf6 44. Kf4 a4 45. Rc6+ Kf7
46. b4 Rd7 47. b5 Rd2 48. Rc7+ Kf6 49. Rc6+ Kf7 50. Rc7+ Kf6 51. Rc6+ Kf7
1/2-1/2

[Event "16. Obert Int. Sant Martí 2014 Grupo B"]
[Site "Barcelona ESP"]
[Date "2014.07.14"]
[Round "2.30"]
[White "Roig Ruiz, Carles"]
[Black "Sanchez Paz, Josep"]
[Result "1-0"]
[WhiteElo "1997"]
[BlackElo "1882"]
[PlyCount "91"]
[EventDate "2014.07.13"]
[EventType "swiss"]
[EventRounds "9"]
[EventCountry "ESP"]
[Source "lmi"]
[SourceDate "2014.07.13"]

1. d4 Nf6 2. c4 e6 3. Nc3 d5 4. Nf3 Be7 5. Bg5 O-O 6. e3 c5 7. Qb3 Qb6 8. Qxb6
axb6 9. Bxf6 Bxf6 10. cxd5 Rd8 11. dxe6 Bxe6 12. Rd1 Nc6 13. Bb5 cxd4 14. exd4
Nxd4 15. Nxd4 Bxd4 16. a4 Bxc3+ 17. bxc3 Rxd1+ 18. Kxd1 Bd5 19. Kc2 Bxg2 20.
Rd1 Bc6 21. Rd6 Rc8 22. Kb3 Kf8 23. Bxc6 bxc6 24. Rd7 Rb8 25. Rc7 c5 26. Kc4
Ra8 27. Kb5 Ra5+ 28. Kxb6 Rxa4 29. Kxc5 Rf4 30. Kd6 f5 31. Ke6 Re4+ 32. Kxf5
Re2 33. f4 Rxh2 34. c4 Rc2 35. c5 Rc4 36. c6 Rc5+ 37. Ke6 g6 38. Kd6 Rc1 39.
Rxh7 Rd1+ 40. Ke6 Kg8 41. Rd7 Re1+ 42. Kf6 Rc1 43. c7 Rc6+ 44. Ke7 Kg7 45. Kd8+
Kf8 46. c8=Q 1-0

[Event "16. Obert Int. Sant Martí 2014 Grupo B"]
[Site "Barcelona ESP"]
[Date "2014.07.14"]
[Round "2.31"]
[White "Riu Lopez, Sergi"]
[Black "Torras Chicon, Adria"]
[Result "0-1"]
[WhiteElo "1882"]
[BlackElo "1996"]
[PlyCount "104"]
[EventDate "2014.07.13"]
[EventType "swiss"]
[EventRounds "9"]
[EventCountry "ESP"]
[Source "lmi"]
[SourceDate "2014.07.13"]

1. e4 e5 2. Nf3 Nc6 3. Bb5 a6 4. Ba4 Nf6 5. O-O Be7 6. c3 b5 7. Bc2 d6 8. h3
O-O 9. Re1 Re8 10. d4 Bf8 11. Bg5 h6 12. Bh4 Bb7 13. Nbd2 Nb8 14. Bxf6 Qxf6 15.
Nf1 Nd7 16. Ng3 g6 17. Qd2 Rad8 18. Rad1 Nb6 19. b3 c5 20. h4 cxd4 21. cxd4 Bc8
22. Qa5 Nd7 23. h5 Nb8 24. hxg6 fxg6 25. dxe5 dxe5 26. Rxd8 Rxd8 27. Nxe5 Bc5
28. Nf3 Bb6 29. Qa3 Nc6 30. e5 Qf7 31. Qb2 Nd4 32. Bd1 Bb7 33. Nxd4 Bxd4 34.
Qc2 Re8 35. Bg4 Rxe5 36. Rxe5 Bxe5 37. Qe2 Qf4 38. Be6+ Kg7 39. Qd3 Bd6 40.
Qc3+ Be5 41. Qc5 Kf6 42. Qb6 Qc1+ 43. Kh2 Qc7 44. Qxc7 Bxc7 45. Bg4 h5 46. Be2
h4 47. Bf3 Bxf3 48. gxf3 Ke6 49. Kg2 hxg3 50. fxg3 Kd5 51. Kf2 Kd4 52. g4 Kc3
0-1

[Event "16. Obert Int. Sant Martí 2014 Grupo B"]
[Site "Barcelona ESP"]
[Date "2014.07.14"]
[Round "2.32"]
[White "Martin Palau, Roger"]
[Black "Palacios Peña, Gerardo"]
[Result "0-1"]
[WhiteElo "1750"]
[BlackElo "1993"]
[PlyCount "80"]
[EventDate "2014.07.13"]
[EventType "swiss"]
[EventRounds "9"]
[EventCountry "ESP"]
[Source "lmi"]
[SourceDate "2014.07.13"]

1. e4 d5 2. e5 Bf5 3. d4 e6 4. Nf3 Nd7 5. g3 c5 6. Bf4 Qb6 7. c3 Qxb2 8. Nbd2
cxd4 9. Nxd4 Bg6 10. Nb5 Rc8 11. Nb3 a6 12. Bc1 Qc2 13. Qxc2 Bxc2 14. Nd6+ Bxd6
15. exd6 Ngf6 16. Na5 Nc5 17. Nxb7 Nxb7 18. Bxa6 Rb8 19. Ba3 Be4 20. Rf1 Nd7
21. f3 Bg6 22. Rf2 Nbc5 23. Bf1 O-O 24. h4 Rfc8 25. g4 Nd3+ 26. Bxd3 Bxd3 27.
Rc1 Kf8 28. Rd2 Bc4 29. f4 Ke8 30. Bb4 Nc5 31. Bxc5 Rxc5 32. Rf2 Kd7 33. f5 e5
34. f6 g6 35. h5 Kxd6 36. Rh2 Ke6 37. hxg6 hxg6 38. Rf2 Rh8 39. Kd2 Rb5 40. Kc2
e4 0-1

[Event "16. Obert Int. Sant Martí 2014 Grupo B"]
[Site "Barcelona ESP"]
[Date "2014.07.14"]
[Round "2.33"]
[White "Carrey Abellan, Enric"]
[Black "Vargas Ramirez, Ana Maria"]
[Result "1-0"]
[WhiteElo "1991"]
[BlackElo "1796"]
[PlyCount "72"]
[EventDate "2014.07.13"]
[EventType "swiss"]
[EventRounds "9"]
[EventCountry "ESP"]
[Source "lmi"]
[SourceDate "2014.07.13"]

1. d4 d5 2. c4 c6 3. Nc3 Nf6 4. e3 Bf5 5. Nf3 e6 6. h3 h6 7. Bd3 Bxd3 8. Qxd3
Nbd7 9. cxd5 exd5 10. O-O Bb4 11. Bd2 Bxc3 12. Bxc3 O-O 13. Rfc1 Ne4 14. a4 Qe7
15. Rab1 Rfc8 16. Be1 Qe8 17. Qb3 Rab8 18. Qa3 Nb6 19. b3 f6 20. Bb4 Qe6 21.
Bc5 Re8 22. Rc2 Kh7 23. Bxb6 axb6 24. b4 Re7 25. Qd3 Kg8 26. Nd2 f5 27. Nf3 Ra8
28. Qb3 Kh7 29. Rbc1 Ra7 30. Ne1 Re8 31. Nd3 Rea8 32. a5 bxa5 33. bxa5 Qe7 34.
Rb2 Qc7 35. Qxd5 Rxa5 36. Qe6 Rd5 1-0

[Event "16. Obert Int. Sant Martí 2014 Grupo B"]
[Site "Barcelona ESP"]
[Date "2014.07.14"]
[Round "2.34"]
[White "Laszczak, Przemyslaw"]
[Black "Torrents Señal, Marc"]
[Result "1/2-1/2"]
[WhiteElo "1610"]
[BlackElo "1991"]
[PlyCount "86"]
[EventDate "2014.07.13"]
[EventType "swiss"]
[EventRounds "9"]
[EventCountry "ESP"]
[Source "lmi"]
[SourceDate "2014.07.13"]

1. d4 d5 2. c4 Nc6 3. Nf3 Bg4 4. Nc3 e6 5. Bf4 Bxf3 6. gxf3 Bb4 7. e3 Bxc3+ 8.
bxc3 Nge7 9. e4 f5 10. cxd5 exd5 11. e5 Qd7 12. Rg1 Ng6 13. Bg5 Nd8 14. Bd3 O-O
15. Qc2 Qf7 16. h4 Ne6 17. h5 Ngf4 18. Bxf4 Nxf4 19. h6 g6 20. Qd2 Ne6 21. Qb2
c6 22. Rb1 b5 23. Qb4 Rfc8 24. Qd6 Nf4 25. Bc2 Qf8 26. Qxf8+ Kxf8 27. Kd2 Ne6
28. Ke3 c5 29. Bb3 c4 30. Bc2 f4+ 31. Kd2 Rab8 32. Rg4 Kf7 33. a4 bxa4 34. Rgg1
Rxb1 35. Rxb1 Rc7 36. Bxa4 Ng5 37. Ke2 Ke6 38. Rb8 Nf7 39. Re8+ Re7 40. Rf8 Rc7
41. Re8+ Re7 42. Rf8 Rc7 43. Re8+ Kf5 1/2-1/2

[Event "16. Obert Int. Sant Martí 2014 Grupo B"]
[Site "Barcelona ESP"]
[Date "2014.07.14"]
[Round "2.35"]
[White "Barragan Hernandez, Manel"]
[Black "Gama Corral, Carlos"]
[Result "1-0"]
[WhiteElo "1990"]
[BlackElo "1784"]
[PlyCount "51"]
[EventDate "2014.07.13"]
[EventType "swiss"]
[EventRounds "9"]
[EventCountry "ESP"]
[Source "lmi"]
[SourceDate "2014.07.13"]

1. b3 Nc6 2. Bb2 d6 3. e3 e5 4. Nf3 Bg4 5. h3 Bh5 6. Be2 h6 7. Nc3 Nf6 8. Nh2
Bxe2 9. Qxe2 a6 10. O-O-O Qd7 11. d4 O-O-O 12. dxe5 Nxe5 13. f4 Nc6 14. e4 Re8
15. Qf3 Rg8 16. e5 Nh7 17. Rhe1 f6 18. Qd5 Rh8 19. e6 Qd8 20. Nf3 Ne7 21. Qc4
f5 22. Ne5 d5 23. Qa4 Ng6 24. Nf7 Qe7 25. Nxd5 Qc5 26. Qxe8# 1-0

[Event "16. Obert Int. Sant Martí 2014 Grupo B"]
[Site "Barcelona ESP"]
[Date "2014.07.14"]
[Round "2.36"]
[White "Arroyo Vega, Valenti"]
[Black "Baum, Jonasz"]
[Result "1/2-1/2"]
[WhiteElo "2084"]
[BlackElo "1632"]
[PlyCount "110"]
[EventDate "2014.07.13"]
[EventType "swiss"]
[EventRounds "9"]
[EventCountry "ESP"]
[Source "lmi"]
[SourceDate "2014.07.13"]

1. e4 e5 2. Nf3 Nc6 3. Bb5 a6 4. Ba4 Nf6 5. O-O Be7 6. d3 d6 7. h3 O-O 8. c3
Bd7 9. Re1 b5 10. Bc2 Re8 11. Nbd2 Bf8 12. Nf1 Ne7 13. Ng3 g6 14. Ng5 h6 15.
Nf3 Bg7 16. Be3 Bc6 17. Qd2 Kh7 18. a4 Nd7 19. d4 Nb6 20. Bb3 f5 21. dxe5 dxe5
22. Qxd8 Raxd8 23. Bxb6 cxb6 24. axb5 axb5 25. exf5 Nxf5 26. Ne4 Nd6 27. Bc2
Bxe4 28. Bxe4 Nc4 29. Re2 Rd6 30. Ra7 Rde6 31. h4 Nd6 32. Ra1 Nxe4 33. Rxe4 Kg8
34. Nd2 Rd6 35. Re2 Red8 36. Ne4 Rd1+ 37. Rxd1 Rxd1+ 38. Kh2 b4 39. f3 bxc3 40.
bxc3 b5 41. Rb2 Rd5 42. Kg3 Kf7 43. Kg4 Bf6 44. Rxb5 Rxb5 45. Nd6+ Ke6 46. Nxb5
h5+ 47. Kh3 Kd5 48. g3 Be7 49. Kg2 Kc4 50. Nc7 Bd6 51. Ne6 Kxc3 52. Ng5 Bf8 53.
Nf7 Bg7 54. Kf2 Kd3 55. Ng5 Bf6 1/2-1/2

[Event "16. Obert Int. Sant Martí 2014 Grupo B"]
[Site "Barcelona ESP"]
[Date "2014.07.14"]
[Round "2.37"]
[White "Fuertes Buisac, Bernat"]
[Black "Poyato Duran, David"]
[Result "1/2-1/2"]
[WhiteElo "2082"]
[BlackElo "1878"]
[PlyCount "84"]
[EventDate "2014.07.13"]
[EventType "swiss"]
[EventRounds "9"]
[EventCountry "ESP"]
[Source "lmi"]
[SourceDate "2014.07.13"]

1. d4 d5 2. c4 c6 3. cxd5 cxd5 4. Nc3 Nf6 5. Bf4 Nc6 6. e3 Bf5 7. Qb3 Qd7 8.
Nf3 a6 9. Ne5 Nxe5 10. dxe5 Ne4 11. Qxd5 Nxc3 12. Qxd7+ Kxd7 13. bxc3 e6 14.
Be2 Ba3 15. O-O Rac8 16. c4 Rc5 17. Bd3 Bxd3 18. Rfd1 Kc8 19. Rxd3 Bb4 20. Rc1
Rd8 21. Rxd8+ Kxd8 22. Kf1 Kc7 23. Ke2 b5 24. Kd3 bxc4+ 25. Rxc4 Rxc4 26. Kxc4
Be1 27. f3 Kc6 28. e4 g6 29. Be3 Ba5 30. Bd4 Bd2 31. h3 Bg5 32. Kb4 Bd8 33. g4
Bc7 34. f4 Bd8 35. f5 exf5 36. exf5 gxf5 37. gxf5 Kd5 38. Kc3 Ba5+ 39. Kd3 Bc7
40. e6 fxe6 41. fxe6 Kxe6 42. Ke4 Bb8 1/2-1/2

[Event "16. Obert Int. Sant Martí 2014 Grupo B"]
[Site "Barcelona ESP"]
[Date "2014.07.14"]
[Round "2.38"]
[White "Navas Martin, Jordi"]
[Black "Bernat Pascual, Magí"]
[Result "1-0"]
[WhiteElo "2024"]
[BlackElo "1869"]
[PlyCount "61"]
[EventDate "2014.07.13"]
[EventType "swiss"]
[EventRounds "9"]
[EventCountry "ESP"]
[Source "lmi"]
[SourceDate "2014.07.13"]

1. d4 d5 2. c4 c6 3. Nf3 Nf6 4. Nc3 e6 5. e3 Bd6 6. Bd3 Nbd7 7. O-O O-O 8. b3
b6 9. cxd5 cxd5 10. Bb2 Bb7 11. Rc1 Rc8 12. Qe2 Qe7 13. Nb5 Bb8 14. Ba3 Qd8 15.
Bxf8 Qxf8 16. Rxc8 Qxc8 17. Qc2 Qd8 18. Rc1 Qe7 19. Nc7 Qd6 20. Na6 Bxa6 21.
Bxa6 Kf8 22. Bb5 Ke7 23. h3 g6 24. Qc8 Qa3 25. Rc2 Qd6 26. Qb7 Kf8 27. Ne5 Nxe5
28. Rc8+ Kg7 29. Qxb8 Qxb8 30. Rxb8 Ned7 31. Rb7 1-0

[Event "16. Obert Int. Sant Martí 2014 Grupo B"]
[Site "Barcelona ESP"]
[Date "2014.07.14"]
[Round "2.39"]
[White "Sanz Ogaya, Mario"]
[Black "Serra Vilaro, Agusti"]
[Result "0-1"]
[WhiteElo "1700"]
[BlackElo "2013"]
[PlyCount "73"]
[EventDate "2014.07.13"]
[EventType "swiss"]
[EventRounds "9"]
[EventCountry "ESP"]
[Source "lmi"]
[SourceDate "2014.07.13"]

1. e4 d5 2. exd5 Qxd5 3. Nc3 Qd6 4. d4 Nf6 5. Nf3 Bg4 6. h3 Bh5 7. g4 Bg6 8.
Ne5 Nbd7 9. Nxg6 hxg6 10. Be3 c6 11. Qd2 e6 12. O-O-O Nxg4 13. Bd3 Nxe3 14.
fxe3 Nf6 15. Qf2 O-O-O 16. Ne4 Nxe4 17. Bxe4 f5 18. Bf3 Be7 19. Rd3 Bf6 20. Qg2
g5 21. Rhd1 Kb8 22. Kb1 e5 23. e4 fxe4 24. Bxe4 exd4 25. c3 Qe6 26. cxd4 Rh4
27. Qg3+ Ka8 28. Bg2 Rhxd4 29. Bf1 a6 30. Rxd4 Rxd4 31. Rxd4 Bxd4 32. Qd3 Qe1+
33. Kc2 c5 34. a3 Qa1 35. Kb3 Qxb2+ 36. Kc4 Qa2+ 37. Qb3 0-1

[Event "16. Obert Int. Sant Martí 2014 Grupo B"]
[Site "Barcelona ESP"]
[Date "2014.07.14"]
[Round "2.40"]
[White "Jourde, Michel"]
[Black "Subirana Santos, Marc"]
[Result "0-1"]
[WhiteElo "1805"]
[BlackElo "1912"]
[PlyCount "82"]
[EventDate "2014.07.13"]
[EventType "swiss"]
[EventRounds "9"]
[EventCountry "ESP"]
[Source "lmi"]
[SourceDate "2014.07.13"]

1. e4 g6 2. d4 Bg7 3. f4 c5 4. Nf3 cxd4 5. Nxd4 Qb6 6. c3 Nc6 7. Nf3 Nf6 8. Bd3
d6 9. Qe2 O-O 10. Be3 Qc7 11. Na3 a6 12. Nc4 b5 13. Nb6 Rb8 14. Nxc8 Rbxc8 15.
O-O Ng4 16. Bd2 Qb6+ 17. Kh1 Qb7 18. Ng5 Nf6 19. e5 dxe5 20. fxe5 Nd5 21. e6 f5
22. Qf2 Ne5 23. Be2 h6 24. Nf3 Ng4 25. Qg3 Qc7 26. Qxc7 Rxc7 27. Nh4 Kh7 28. h3
Nge3 29. Rf2 Nc4 30. Bc1 Nf6 31. Bd3 Rc6 32. Re2 Nh5 33. Kg1 Ne5 34. Bc2 Bf6
35. g4 Ng3 36. Re3 Bxh4 37. Rxe5 fxg4 38. hxg4 Rc4 39. Be3 Rxg4 40. Kh2 Nf5 41.
Bc5 Bg3+ 0-1

[Event "16. Obert Int. Sant Martí 2014 Grupo B"]
[Site "Barcelona ESP"]
[Date "2014.07.14"]
[Round "2.41"]
[White "Brandt, Stefan"]
[Black "Ramon Herraez, Alex"]
[Result "1-0"]
[WhiteElo "1889"]
[BlackElo "1832"]
[PlyCount "53"]
[EventDate "2014.07.13"]
[EventType "swiss"]
[EventRounds "9"]
[EventCountry "ESP"]
[Source "lmi"]
[SourceDate "2014.07.13"]

1. e4 d5 2. exd5 Nf6 3. Bb5+ Bd7 4. Be2 Nxd5 5. d4 Bf5 6. Nf3 e6 7. O-O c5 8.
a3 Be7 9. c4 Nf6 10. h3 O-O 11. Be3 cxd4 12. Nxd4 Bg6 13. Nc3 Nbd7 14. b4 b6
15. Nc6 Qe8 16. Nb5 a6 17. Nc7 Kh8 18. Nxe8 Rfxe8 19. Nxe7 Rxe7 20. Qb3 h6 21.
Rfd1 Kh7 22. a4 Ree8 23. Bf3 Rac8 24. Bb7 Rb8 25. Bxa6 e5 26. Bb5 Bf5 27. a5
1-0

[Event "16. Obert Int. Sant Martí 2014 Grupo B"]
[Site "Barcelona ESP"]
[Date "2014.07.14"]
[Round "2.42"]
[White "Riera Danes, Manel"]
[Black "Kazmierczak, Ewa"]
[Result "1/2-1/2"]
[WhiteElo "2048"]
[BlackElo "1563"]
[PlyCount "64"]
[EventDate "2014.07.13"]
[EventType "swiss"]
[EventRounds "9"]
[EventCountry "ESP"]
[Source "lmi"]
[SourceDate "2014.07.13"]

1. e4 e6 2. d4 d5 3. Nd2 Nf6 4. e5 Nfd7 5. Bd3 c5 6. c3 Nc6 7. Ne2 Qb6 8. Nf3
cxd4 9. cxd4 Be7 10. O-O f6 11. exf6 Nxf6 12. a3 O-O 13. b4 a6 14. Bg5 Bd7 15.
Rc1 Rae8 16. Ne5 Nxe5 17. dxe5 Ng4 18. Bxe7 Rxe7 19. Nd4 Nxe5 20. Bxh7+ Kxh7
21. Qh5+ Kg8 22. Qxe5 Ref7 23. Nf3 Rf5 24. Qe3 Qxe3 25. fxe3 e5 26. Nd2 Rxf1+
27. Nxf1 Bc6 28. Nd2 Rf6 29. Nf3 Rf5 30. Nh4 Rf6 31. Nf3 Rf5 32. Nh4 Rf6
1/2-1/2